Clifford, the small red puppy / (Record no. 4356)

MARC details
000 -LEADER
fixed length control field 01168nam a2200313 a 4500
001 - CONTROL NUMBER
control field 4356
003 - CONTROL NUMBER IDENTIFIER
control field FISKH
005 - DATE AND TIME OF LATEST TRANSACTION
control field 20240801102746.0
008 - FIXED-LENGTH DATA ELEMENTS--GENERAL INFORMATION
fixed length control field 860108s1985 nyua j 000 1 eng
010 ## - LIBRARY OF CONGRESS CONTROL NUMBER
LC control number 86102123
020 ## - INTERNATIONAL STANDARD BOOK NUMBER
International Standard Book Number 0590335839 (pbk.) :
Terms of availability
040 ## - CATALOGING SOURCE
Original cataloging agency DLC
Transcribing agency DLC
Modifying agency DLC
Language of cataloging eng
050 ## - LIBRARY OF CONGRESS CALL NUMBER
Classification number PZ7.B7633
082 ## - DEWEY DECIMAL CLASSIFICATION NUMBER
Classification number 823
100 1# - MAIN ENTRY--PERSONAL NAME
Personal name Bridwell, Norman.
245 10 - TITLE STATEMENT
Title Clifford, the small red puppy /
Statement of responsibility, etc. story and pictures by Norman Bridwell.
260 ## - PUBLICATION, DISTRIBUTION, ETC.
Place of publication, distribution, etc. New York :
Name of publisher, distributor, etc. Scholastic,
Date of publication, distribution, etc. 1972.
300 ## - PHYSICAL DESCRIPTION
Extent 30 unnumbered pages :
Other physical details color illustrations ;
Dimensions 21 cm
500 ## - GENERAL NOTE
General note In logo on cover: Clifford, the big red dog.
505 ## - FORMATTED CONTENTS NOTE
Formatted contents note K<br/><br/>
520 ## - SUMMARY, ETC.
Summary, etc. Clifford begins life as a very small red puppy, but once he starts growing into a very large red dog there seems no limit to his potential size.
521 8# - TARGET AUDIENCE NOTE
Target audience note 510<br/>
Source Lexile estimate<br/><br/>
521 8# - TARGET AUDIENCE NOTE
Target audience note K<br/><br/>
Source Raz-Plus<br/>
650 #1 - SUBJECT ADDED ENTRY--TOPICAL TERM
Topical term or geographic name entry element Dogs
General subdivision Fiction.
650 #1 - SUBJECT ADDED ENTRY--TOPICAL TERM
Topical term or geographic name entry element Size
General subdivision Fiction.
906 ## - LOCAL DATA ELEMENT F, LDF (RLIN)
a 7
b cbc
c orignew
d 2
e ncip
f 19
g y-gencatlg
942 ## - ADDED ENTRY ELEMENTS (KOHA)
Source of classification or shelving scheme Dewey Decimal Classification
Koha item type Books
Suppress in OPAC No
Holdings
Withdrawn status Lost status Source of classification or shelving scheme Damaged status Not for loan Collection Home library Current library Shelving location Date acquired Total Checkouts Full call number Barcode Date last seen Price effective from Koha item type
    Dewey Decimal Classification     Juvenile Fiction Footprints International School Library Network Toul Kork Campus Footprints International School Library Network Toul Kork Campus TK Primary Library Room(4th Floor), Bookcase 7, Shelves 57-60, Dark Green Books 08/01/2024   BRI 823 PZ7.B7633 FISTK03857 08/01/2024 08/01/2024 Books